बालामणियम्मा (Record no. 908457)
[ view plain ]
| 000 -LEADER | |
|---|---|
| fixed length control field | 00998nam a2200265Ia 4500 |
| 003 - CONTROL NUMBER IDENTIFIER | |
| control field | OSt |
| 005 - DATE AND TIME OF LATEST TRANSACTION | |
| control field | 20221002043550.0 |
| 008 - FIXED-LENGTH DATA ELEMENTS--GENERAL INFORMATION | |
| fixed length control field | 220930b |||||||| |||| 00| 0 mal d |
| 020 ## - INTERNATIONAL STANDARD BOOK NUMBER | |
| International Standard Book Number | 8126014180 (pbk) |
| 037 ## - SOURCE OF ACQUISITION | |
| Terms of availability | Reference Collections |
| 040 ## - CATALOGING SOURCE | |
| Original cataloging agency | CRL |
| Transcribing agency | CRL |
| Language of cataloging | mal |
| 041 ## - LANGUAGE CODE | |
| Source of code | mal |
| Language code of text/sound track or separate title | mal |
| 100 ## - MAIN ENTRY--PERSONAL NAME | |
| Personal name | सक्सेना, रति |
| 245 #0 - TITLE STATEMENT | |
| Title | बालामणियम्मा |
| Remainder of title | काव्य कला एंव दर्शन |
| 246 ## - VARYING FORM OF TITLE | |
| Title proper/short title | Translate from malyalam to hindi |
| 260 ## - PUBLICATION, DISTRIBUTION, ETC. | |
| Place of publication, distribution, etc. | नई |
| Name of publisher, distributor, etc. | दिल्ली साहित्य अकादेमी |
| Date of publication, distribution, etc. | 2002 |
| 300 ## - PHYSICAL DESCRIPTION | |
| Extent | 127पृ0 |
| Dimensions | cm. |
| 650 ## - SUBJECT ADDED ENTRY--TOPICAL TERM | |
| Topical term or geographic name entry element | मलयालम साहित्य |
| 942 ## - ADDED ENTRY ELEMENTS (KOHA) | |
| Classification part | O32,1N30x, 152P2(RR) |
| Koha item type | |
| Source of classification or shelving scheme | Colon Classification (CC) |
No items available.
